Wild Child and Other Stories/ (Record no. 85635)

MARC details
000 -LEADER
fixed length control field 00704nam a2200217Ia 4500
005 - DATE AND TIME OF LATEST TRANSACTION
control field 20150520165934.0
010 ## - LCCN (DPL NO)
LC control number BAC-CH25
020 ## - INTERNATIONAL STANDARD BOOK NUMBER
International Standard Book Number 9780143332190
Terms of availability 199.00
035 ## - SYSTEM CONTROL NUMBER
System control number G-003120
035 ## - SYSTEM CONTROL NUMBER
System control number B-557559-567
037 ## - SOURCE OF ACQUISITION
Source of stock number/acquisition Aakar/Ven
Stock number dpl
082 ## - DEWEY DECIMAL CLASSIFICATION NUMBER
Classification number S
100 ## - MAIN ENTRY--PERSONAL NAME
Personal name Anand, Paro
245 ## - TITLE STATEMENT
Title Wild Child and Other Stories/
Statement of responsibility, etc By Paro Anand
260 ## - PUBLICATION, DISTRIBUTION, ETC. (IMPRINT)
Place of publication, distribution, etc New delhi
Name of publisher, distributor, etc Puffin Books
Date of publication, distribution, etc 2011
270 ## - ADDRESS
Address 11 Community Centre, Panchsheel Park
City New Delhi
Postal code 110017, India
300 ## - PHYSICAL DESCRIPTION
Extent 127p.
Dimensions 18cm(pbk)
942 ## - ADDED ENTRY ELEMENTS (KOHA)
Item type Children Books
Source of classification or shelving scheme Dewey Decimal Classification
Classification part S
Call number suffix ANA
Holdings
Withdrawn status Lost status Not for loan Collection code Home library Current library Date acquired Source of acquisition Cost, normal purchase price Full call number Barcode Copy number Cost, replacement price Koha item type
      Fiction Central Library Central Library 18/05/2015 Aakar Books/1-760/19.08.2014/141/04.08.2014/10.09.2014 199.00 S ANA B-557560 1 199.00 Children Books
      Fiction Janak Puri Janak Puri 24/12/2014 Received from DB Act Children Books 199.00 S ANA G-003120 1 199.00 Children Books
      Fiction Janak Puri Janak Puri 18/05/2015 Aakar Books/1-760/19.08.2014/141/04.08.2014/10.09.2014 199.00 S ANA B-557562 1 199.00 Children Books
      Fiction Karol Bagh Karol Bagh 18/05/2015 Aakar Books/1-760/19.08.2014/141/04.08.2014/10.09.2014 199.00 S ANA B-557566 1 199.00 Children Books
      Fiction New Police Line New Police Line 18/05/2015 Aakar Books/1-760/19.08.2014/141/04.08.2014/10.09.2014 199.00 S ANA B-557559 1 199.00 Children Books
      Fiction Patel Nagar Patel Nagar 18/05/2015 Aakar Books/1-760/19.08.2014/141/04.08.2014/10.09.2014 199.00 S ANA B-557561 1 199.00 Children Books
      Fiction Sarojini Nagar Sarojini Nagar 18/05/2015 Aakar Books/1-760/19.08.2014/141/04.08.2014/10.09.2014 199.00 S ANA B-557563 1 199.00 Children Books
      Fiction Shahdara Branch Shahdara Branch 18/05/2015 Aakar Books/1-760/19.08.2014/141/04.08.2014/10.09.2014 199.00 S ANA B-557567 1 199.00 Children Books
      Fiction Sriniwas Puri Sriniwas Puri 18/05/2015 Aakar Books/1-760/19.08.2014/141/04.08.2014/10.09.2014 199.00 S ANA B-557564 1 199.00 Children Books
      Fiction Vinoba Puri Vinoba Puri 18/05/2015 Aakar Books/1-760/19.08.2014/141/04.08.2014/10.09.2014 199.00 S ANA B-557565 1 199.00 Children Books

© Delhi Public Library
Hit Counter
free hit counter